[Event "38th Nordic Ch"]
[Site "Reykjavik ISL"]
[Date "1981.07.23"]
[Round "1"]
[White "Petursson, Margeir"]
[Black "Olafsson, Helgi"]
[Result "0-1"]
[WhiteElo "2460"]
[BlackElo "2425"]
[EventDate "1981.07.23"]
[PlyCount "48"]

1.d4 Nf6 2.c4 e6 3.g3 c5 4.Nf3 cxd4 5.Nxd4 d5 6.Bg2 e5 7.Nf3 d4 8.O-O Nc6 
9.e3 Bc5 10.exd4 exd4 11.Re1+ Be6 12.Ng5 O-O 13.Nxe6 fxe6 14.Nd2 Qd6 15.
Ne4 Nxe4 16.Bxe4 d3 17.Be3 d2 18.Re2 Bxe3 19.Rxe3 Rad8 20.Kg2 Qd4 21.Rb1 
Rf6 22.Bc2 Ne5 23.Qg1 Ng4 24.Rd3 Qe4+ 0-1

[Event "38th Nordic Ch"]
[Site "Reykjavik ISL"]
[Date "1981.07.23"]
[Round "1"]
[White "Kristiansen, Jens"]
[Black "Schussler, Harry"]
[Result "1/2-1/2"]
[WhiteElo "2430"]
[BlackElo "2495"]
[EventDate "1981.07.23"]
[PlyCount "44"]

1.e4 e5 2.Nf3 Nf6 3.Nxe5 d6 4.Nf3 Nxe4 5.d4 d5 6.Bd3 Be7 7.O-O Nc6 8.Re1 
Bf5 9.Nc3 Nxc3 10.bxc3 Bxd3 11.cxd3 O-O 12.Qb3 Rb8 13.Ne5 Nxe5 14.Rxe5 c6 
15.Ba3 Bf6 16.Bxf8 Bxe5 17.dxe5 Qxf8 18.d4 Qe7 19.Qb4 Qc7 20.Re1 b6 21.e6 
Re8 22.exf7+ Kxf7 1/2-1/2

[Event "38th Nordic Ch"]
[Site "Reykjavik ISL"]
[Date "1981.07.23"]
[Round "1"]
[White "Raaste, Eero"]
[Black "Helmers, Knut"]
[Result "1/2-1/2"]
[WhiteElo "2390"]
[BlackElo "2420"]
[EventDate "1981.07.23"]
[PlyCount "22"]

1.e4 c5 2.Nf3 d6 3.Bb5+ Bd7 4.Bxd7+ Qxd7 5.c4 Nf6 6.Nc3 Nc6 7.d4 cxd4 8.
Nxd4 Qg4 9.O-O Qxd1 10.Rxd1 Nxd4 11.Rxd4 Rc8 1/2-1/2

[Event "38th Nordic Ch"]
[Site "Reykjavik ISL"]
[Date "1981.07.23"]
[Round "1"]
[White "Rantanen, Yrjo"]
[Black "Heim, Sverre"]
[Result "1/2-1/2"]
[WhiteElo "2465"]
[BlackElo "2430"]
[EventDate "1981.07.23"]
[PlyCount "53"]

1.e4 e6 2.d4 d5 3.Nc3 Nf6 4.Bg5 dxe4 5.Nxe4 Be7 6.Bxf6 gxf6 7.Nf3 f5 8.Nc3
Bf6 9.Qd2 c5 10.d5 e5 11.h4 e4 12.Ng5 h6 13.Nh3 Bxh4 14.O-O-O Nd7 15.Qf4 
Bf6 16.Qxf5 Bxc3 17.bxc3 Nf6 18.Qe5+ Qe7 19.Bb5+ Bd7 20.Qxe7+ Kxe7 21.d6+ 
Kf8 22.Bc4 Kg7 23.Nf4 Rad8 24.f3 Bc6 25.Rh3 Rd7 26.Rg3+ Kf8 27.Nd5 1/2-1/2

[Event "38th Nordic Ch"]
[Site "Reykjavik ISL"]
[Date "1981.07.24"]
[Round "2"]
[White "Heim, Sverre"]
[Black "Kristiansen, Jens"]
[Result "1/2-1/2"]
[WhiteElo "2430"]
[BlackElo "2430"]
[EventDate "1981.07.23"]
[PlyCount "33"]

1.d4 f5 2.g3 Nf6 3.Bg2 e6 4.Nf3 d5 5.O-O Bd6 6.c4 c6 7.b3 Qe7 8.Nbd2 Nbd7 
9.Bb2 Ne4 10.Ne5 Nxe5 11.dxe5 Bc5 12.Nxe4 fxe4 13.Bd4 O-O 14.Rc1 Bxd4 15.
Qxd4 Bd7 16.c5 Be8 17.f3 1/2-1/2

[Event "38th Nordic Ch"]
[Site "Reykjavik ISL"]
[Date "1981.07.24"]
[Round "2"]
[White "Helmers, Knut"]
[Black "Rantanen, Yrjo"]
[Result "1-0"]
[WhiteElo "2420"]
[BlackElo "2465"]
[EventDate "1981.07.23"]
[PlyCount "31"]
[Source "Norsk Sjakkblad 6-7 1981 pp. 3-4"]

1.Nf3 g6 2.d4 Nf6 3.c4 Bg7 4.g3 O-O 5.Bg2 d6 6.O-O Nbd7 7.Nc3 e5 8.e4 c6 
9.b3 Re8 10.h3 exd4 11.Nxd4 Nc5 12.Re1 Qb6 13.Be3 a5 14.Rb1 Qb4 15.Ndb5 
cxb5 16.Nxb5 {(time)} 1-0

[Event "38th Nordic Ch"]
[Site "Reykjavik ISL"]
[Date "1981.07.24"]
[Round "2"]
[White "Olafsson, Helgi"]
[Black "Sigurjonsson, Gudmundur"]
[Result "1/2-1/2"]
[WhiteElo "2425"]
[BlackElo "2440"]
[EventDate "1981.07.23"]
[PlyCount "37"]

1.Nf3 Nf6 2.c4 e6 3.Nc3 c5 4.g3 Nc6 5.Bg2 d5 6.cxd5 Nxd5 7.O-O Be7 8.b3 
Bf6 9.Bb2 O-O 10.Qc1 b6 11.Nxd5 exd5 12.d4 Ba6 13.Re1 Nxd4 14.Bxd4 cxd4 
15.Qa3 Qc8 16.Rad1 Re8 17.Nxd4 Bxd4 18.Rxd4 Qc3 19.Qb4 1/2-1/2

[Event "38th Nordic Ch"]
[Site "Reykjavik ISL"]
[Date "1981.07.24"]
[Round "2"]
[White "Ornstein, Axel"]
[Black "Petursson, Margeir"]
[Result "1-0"]
[WhiteElo "2480"]
[BlackElo "2460"]
[EventDate "1981.07.23"]
[PlyCount "67"]

1.d4 d5 2.c4 e6 3.Nf3 c5 4.cxd5 exd5 5.e3 Nf6 6.Be2 Nc6 7.O-O Be7 8.dxc5 
Bxc5 9.a3 a6 10.b4 Ba7 11.b5 axb5 12.Nc3 O-O 13.Nxb5 Bb8 14.Bb2 Ne4 15.Qb3
Na5 16.Qa2 Be6 17.Rfd1 Nc6 18.Rac1 Re8 19.Qa1 f6 20.Nfd4 Nxd4 21.Bxd4 Nd6 
22.Qb2 Nc4 23.Qb4 Qa5 24.Bc3 Qxb4 25.Bxb4 Be5 26.e4 Nb2 27.exd5 Nxd1 28.
dxe6 Nb2 29.e7 Rac8 30.Rxc8 Rxc8 31.f4 Bxf4 32.Bg4 Ra8 33.Be6+ Kh8 34.Nd6 
1-0

[Event "38th Nordic Ch"]
[Site "Reykjavik ISL"]
[Date "1981.07.25"]
[Round "3"]
[White "Raaste, Eero"]
[Black "Olafsson, Helgi"]
[Result "1/2-1/2"]
[WhiteElo "2390"]
[BlackElo "2425"]
[EventDate "1981.07.23"]
[PlyCount "68"]

1.e4 c5 2.Nf3 d6 3.d4 cxd4 4.Nxd4 Nf6 5.Nc3 a6 6.f4 e5 7.Nf3 Nbd7 8.Bd3 b5
9.O-O Be7 10.Qe1 O-O 11.Kh1 Re8 12.fxe5 dxe5 13.Bg5 Bb7 14.a3 Nh5 15.Qh4 
g6 16.g4 Nf4 17.Bxe7 Rxe7 18.Nxe5 Nxd3 19.Nxd3 Rxe4 20.Qxd8+ Re8+ 21.Kg1 
Raxd8 22.Rae1 f6 23.Rxe8+ Rxe8 24.Re1 Rxe1+ 25.Nxe1 Ne5 26.h3 Kf7 27.Kf2 
g5 28.Nd3 Nd7 29.a4 bxa4 30.Nxa4 Be4 31.Nac5 Nxc5 32.Nxc5 Bxc2 33.Nxa6 f5 
34.gxf5 Bxf5 1/2-1/2

[Event "38th Nordic Ch"]
[Site "Reykjavik ISL"]
[Date "1981.07.25"]
[Round "3"]
[White "Kristiansen, Jens"]
[Black "Helmers, Knut"]
[Result "1/2-1/2"]
[WhiteElo "2430"]
[BlackElo "2420"]
[EventDate "1981.07.23"]
[PlyCount "54"]

1.e4 c5 2.Nf3 d6 3.d4 cxd4 4.Nxd4 Nf6 5.Nc3 a6 6.a4 Nc6 7.Be2 g6 8.O-O Bg7
9.Nb3 O-O 10.Be3 Be6 11.f4 Na5 12.e5 Ne8 13.Nd4 Bc4 14.Nf3 Rc8 15.Bxc4 
Nxc4 16.Bd4 Nxb2 17.Qb1 Nc4 18.Qxb7 dxe5 19.fxe5 Nxe5 20.Bxe5 Bxe5 21.Nxe5
Qd4+ 22.Kh1 Nd6 23.Qxe7 Rfe8 24.Nxg6 hxg6 25.Qf6 Qxf6 26.Rxf6 Rxc3 27.Rxd6
Rxc2 1/2-1/2

[Event "38th Nordic Ch"]
[Site "Reykjavik ISL"]
[Date "1981.07.25"]
[Round "3"]
[White "Rantanen, Yrjo"]
[Black "Hoei, Carsten"]
[Result "1/2-1/2"]
[WhiteElo "2465"]
[BlackElo "2415"]
[EventDate "1981.07.23"]
[PlyCount "80"]

1.e4 e6 2.d4 d5 3.Nc3 Nf6 4.Bg5 Be7 5.e5 Nfd7 6.Bxe7 Qxe7 7.f4 O-O 8.Nf3 
c5 9.Qd2 Nc6 10.dxc5 f5 11.exf6 Qxf6 12.g3 Nxc5 13.O-O-O a6 14.Nd4 Bd7 15.
Bg2 Be8 16.Rhe1 Rd8 17.Qe3 Nxd4 18.Qxd4 Qxd4 19.Rxd4 Bf7 20.b4 Nd7 21.Rd2 
Nb6 22.Bh3 Rfe8 23.Rde2 d4 24.Nd1 Nd5 25.a3 Rc8 26.Rd2 Nc7 27.Bg2 Nb5 28.
Bxb7 Rc7 29.Bxa6 Nxa3 30.Re5 Rb8 31.Nb2 Rxb4 32.Ra5 Rb3 33.Bc4 Nxc4 34.
Ra8+ Be8 35.Nxc4 Rxc4 36.Rxe8+ Kf7 37.Rd8 Rbc3 38.Kd1 Kf6 39.Rd7 h6 40.Rd6
g5 1/2-1/2

[Event "38th Nordic Ch"]
[Site "Reykjavik ISL"]
[Date "1981.07.25"]
[Round "3"]
[White "Sigurjonsson, Gudmundur"]
[Black "Ornstein, Axel"]
[Result "1/2-1/2"]
[WhiteElo "2440"]
[BlackElo "2480"]
[EventDate "1981.07.23"]
[PlyCount "55"]

1.Nf3 Nf6 2.g3 b5 3.Bg2 Bb7 4.O-O e6 5.d3 d5 6.c4 a6 7.cxd5 Nxd5 8.a4 Nd7 
9.Nc3 b4 10.Nxd5 Bxd5 11.Be3 c5 12.a5 Be7 13.Nd2 O-O 14.Nc4 Qc7 15.Bf4 Qb7
16.e4 Bxc4 17.dxc4 Rad8 18.Qg4 Rfe8 19.h4 e5 20.Be3 Nf6 21.Qe2 Qd7 22.Rfd1
Qc8 23.f3 Rxd1+ 24.Qxd1 Rd8 25.Qc2 Nd7 26.Rd1 Nf6 27.Ra1 Nd7 28.Rd1 
1/2-1/2

[Event "38th Nordic Ch"]
[Site "Reykjavik ISL"]
[Date "1981.07.26"]
[Round "4"]
[White "Petursson, Margeir"]
[Black "Sigurjonsson, Gudmundur"]
[Result "0-1"]
[WhiteElo "2460"]
[BlackElo "2440"]
[EventDate "1981.07.23"]
[PlyCount "90"]

1.Nf3 Nf6 2.c4 e6 3.g3 d5 4.d4 dxc4 5.Bg2 c5 6.O-O Nc6 7.Qa4 cxd4 8.Nxd4 
Qxd4 9.Bxc6+ Bd7 10.Rd1 Qxd1+ 11.Qxd1 Bxc6 12.Qc2 Be7 13.Qxc4 O-O 14.Nc3 
Rac8 15.Be3 a6 16.b4 Nd5 17.Bc5 Bxc5 18.bxc5 Nxc3 19.Qxc3 Rfd8 20.Qc2 Rd4 
21.e3 Ba4 22.Qc3 Rd5 23.Rc1 Rcd8 24.g4 h5 25.h3 Bc6 26.Re1 hxg4 27.hxg4 
Rg5 28.Kh2 Rxg4 29.Rg1 Rh4+ 30.Kg3 Rh5 31.e4 Bxe4 32.Kf4 Bg6 33.Rg5 Rh4+ 
34.Kg3 Rhd4 35.f3 Bf5 36.Qb2 R8d7 37.Rh5 f6 38.Qb6 Kf7 39.Rh8 Kg6 40.Rb8 
Rd1 41.Rxb7 R7d2 42.c6 Rh1 43.Qa7 Rh3+ 44.Kf4 e5+ 45.Ke3 Rhh2 0-1

[Event "38th Nordic Ch"]
[Site "Reykjavik ISL"]
[Date "1981.07.26"]
[Round "4"]
[White "Hoei, Carsten"]
[Black "Kristiansen, Jens"]
[Result "1/2-1/2"]
[WhiteElo "2415"]
[BlackElo "2430"]
[EventDate "1981.07.23"]
[PlyCount "111"]

1.d4 Nf6 2.c4 g6 3.Nc3 Bg7 4.e4 d6 5.f3 O-O 6.Be3 Nc6 7.Nge2 Rb8 8.Nc1 e5 
9.Nb3 exd4 10.Nxd4 Nh5 11.Qd2 f5 12.O-O-O f4 13.Bf2 Be5 14.Nxc6 bxc6 15.
Bxa7 Ra8 16.Bd4 Qe7 17.Be2 Ng7 18.c5 Be6 19.g3 Nh5 20.g4 Ng7 21.h4 Bf7 22.
h5 g5 23.cxd6 Bxd6 24.Bxg7 Kxg7 25.Bc4 Bc5 26.Qe2 Rfb8 27.Bxf7 Qxf7 28.Qd3
Qf6 29.Qc4 Bd6 30.e5 Qxe5 31.Rhe1 Qf6 32.Qd4 Qxd4 33.Rxd4 h6 34.a3 Rb3 35.
Rc4 Rab8 36.Re2 R8b6 37.Rc2 Be5 38.a4 R3b4 39.Rxb4 Rxb4 40.a5 Bd4 41.Ne4 
Rb3 42.Nc5 Bxc5 43.Rxc5 Rxf3 44.a6 Rf1+ 45.Kd2 Ra1 46.Rxc6 Ra2 47.Kc2 f3 
48.Rxc7+ Kf6 49.Rc3 Rxa6 50.Rxf3+ Ke5 51.Ra3 Rf6 52.Ra4 Rf2+ 53.Kc3 Rf3+ 
54.Kc4 Kf4 55.Kc5+ Kg3 56.Ra6 1/2-1/2

[Event "38th Nordic Ch"]
[Site "Reykjavik ISL"]
[Date "1981.07.26"]
[Round "4"]
[White "Olafsson, Helgi"]
[Black "Rantanen, Yrjo"]
[Result "1/2-1/2"]
[WhiteElo "2425"]
[BlackElo "2465"]
[EventDate "1981.07.23"]
[PlyCount "73"]

1.Nf3 g6 2.d4 Nf6 3.c4 Bg7 4.g3 O-O 5.Bg2 d6 6.Nc3 Nbd7 7.O-O e5 8.e4 c6 
9.h3 Ne8 10.Re1 exd4 11.Nxd4 Qb6 12.Nb3 a5 13.Be3 Qb4 14.a3 Qxc4 15.Nd4 f6
16.Rc1 Qf7 17.Na4 Nc7 18.Re2 Kh8 19.Rd2 Re8 20.Bf4 Bf8 21.g4 Nc5 22.Nb6 
Rb8 23.Nc4 Nxe4 24.Bxe4 Rxe4 25.Nxd6 Bxd6 26.Bxd6 Ra8 27.Qf3 f5 28.Nxc6 
bxc6 29.Qc3+ Kg8 30.Qxc6 Qe6 31.Bxc7 Re1+ 32.Kh2 Qxc6 33.Rxc6 Bb7 34.Rb6 
Be4 35.Bb8 g5 36.gxf5 Rh1+ 37.Kg3 1/2-1/2

[Event "38th Nordic Ch"]
[Site "Reykjavik ISL"]
[Date "1981.07.26"]
[Round "4"]
[White "Ornstein, Axel"]
[Black "Raaste, Eero"]
[Result "1-0"]
[WhiteElo "2480"]
[BlackElo "2390"]
[EventDate "1981.07.23"]
[PlyCount "133"]

1.Nf3 Nf6 2.c4 e6 3.g3 c5 4.Bg2 Nc6 5.O-O d5 6.cxd5 exd5 7.d4 Be7 8.dxc5 
Bxc5 9.Bg5 O-O 10.Nc3 d4 11.Bxf6 Qxf6 12.Nd5 Qd8 13.Nd2 a5 14.Rc1 Ba7 15.
Qb3 Be6 16.Qb5 Rb8 17.Nf4 Bd7 18.Qh5 Qe7 19.Ne4 Qe5 20.Qxe5 Nxe5 21.Nd6 
Bc6 22.Bxc6 bxc6 23.Rc2 Rfd8 24.Ne4 a4 25.Nd3 Nxd3 26.exd3 c5 27.Nd2 Re8 
28.Rfc1 h6 29.Kf1 Re6 30.Re1 Rbe8 31.Rxe6 Rxe6 32.Nc4 Bb8 33.Re2 Rxe2 34.
Kxe2 Bc7 35.Kd2 Kh7 36.Kc2 Kg6 37.b3 axb3+ 38.Kxb3 Kg5 39.Ka4 Kg4 40.Kb5 
Kf3 41.Kc6 Bb8 42.Kxc5 Kxf2 43.a4 Ke2 44.Kxd4 f5 45.a5 g5 46.Ne5 f4 47.Ke4
Bxe5 48.Kxe5 f3 49.a6 f2 50.a7 f1=Q 51.a8=Q Qh3 52.d4 Kd3 53.Qf3+ Kc4 54.
Qe2+ Kc3 55.d5 Qc8 56.Qe3+ Kb2 57.Qd4+ Ka2 58.d6 Qh8+ 59.Ke4 Qh7+ 60.Ke3 
Qd7 61.Qd5+ Ka3 62.Kd3 g4 63.Kc3 Qc8+ 64.Qc4 Qh8+ 65.Qd4 Qc8+ 66.Kd2 Qd7 
67.Kc2 1-0

[Event "38th Nordic Ch"]
[Site "Reykjavik ISL"]
[Date "1981.07.27"]
[Round "5"]
[White "Heim, Sverre"]
[Black "Helmers, Knut"]
[Result "0-1"]
[WhiteElo "2430"]
[BlackElo "2420"]
[EventDate "1981.07.23"]
[PlyCount "120"]

1.d4 Nf6 2.c4 g6 3.Nc3 Bg7 4.g3 O-O 5.Bg2 d6 6.Nf3 Nc6 7.O-O a6 8.h3 Rb8 
9.e4 b5 10.e5 Nd7 11.cxb5 axb5 12.Ng5 dxe5 13.Bxc6 exd4 14.Ne2 h6 15.Nf3 
e5 16.Ne1 Nc5 17.b4 Na4 18.Nd3 Bxh3 19.Re1 Bf5 20.f3 Rb6 21.Be4 Bc8 22.Nc5
f5 23.Bd3 Kh7 24.Kg2 Qd5 25.Bd2 Nxc5 26.bxc5 Bb7 27.Ng1 Qxc5 28.Rc1 Qd6 
29.Ba5 Rc6 30.Bxb5 Rxc1 31.Qxc1 c5 32.Bc4 e4 33.Nh3 Bd5 34.Nf4 Bxc4 35.
Qxc4 Re8 36.fxe4 fxe4 37.Nh3 Qe5 38.Bb6 e3 39.Bxc5 Rc8 40.Qxd4 Qxd4 41.
Bxd4 Bxd4 42.Nf4 g5 43.Nd5 Rc2+ 44.Kf3 Rxa2 45.Nxe3 Ra3 46.Ke4 Bc5 47.Nf5 
Kg6 48.Rf1 h5 49.Kd5 Ra2 50.Rf3 Ra8 51.Kxc5 Ra5+ 52.Kd4 Rxf5 53.Ke4 Rxf3 
54.Kxf3 Kf6 55.Ke4 Ke6 56.Kf3 Kd5 57.Ke3 Ke5 58.Kf3 Kd4 59.Kf2 Kd3 60.Kf3 
g4+ 0-1

[Event "38th Nordic Ch"]
[Site "Reykjavik ISL"]
[Date "1981.07.27"]
[Round "5"]
[White "Kristiansen, Jens"]
[Black "Olafsson, Helgi"]
[Result "1-0"]
[WhiteElo "2430"]
[BlackElo "2425"]
[EventDate "1981.07.23"]
[PlyCount "57"]

1.e4 c5 2.Nf3 d6 3.d4 cxd4 4.Nxd4 Nf6 5.Nc3 a6 6.a4 Nc6 7.Be2 e6 8.O-O Be7
9.Be3 O-O 10.f4 Qc7 11.Kh1 Re8 12.Qe1 Bd7 13.Qg3 Bf8 14.Nf3 Nb4 15.Bd4 Nh5
16.Qh4 Nxf4 17.Ng5 h6 18.Qxf4 f6 19.Bxf6 gxf6 20.Qxf6 Re7 21.Nf7 Rxf7 22.
Qxf7+ Kh8 23.Qg6 Bg7 24.Rf7 Rg8 25.Raf1 Be8 26.Qxg7+ Rxg7 27.Rxc7 Rxc7 28.
Rf8+ Kg7 29.Rxe8 1-0

[Event "38th Nordic Ch"]
[Site "Reykjavik ISL"]
[Date "1981.07.27"]
[Round "5"]
[White "Rantanen, Yrjo"]
[Black "Ornstein, Axel"]
[Result "1-0"]
[WhiteElo "2465"]
[BlackElo "2480"]
[EventDate "1981.07.23"]
[PlyCount "53"]

1.e4 e5 2.Nf3 Nc6 3.Bb5 a6 4.Ba4 Nf6 5.O-O Nxe4 6.d4 b5 7.Bb3 d5 8.dxe5 
Be6 9.c3 Bc5 10.Nbd2 O-O 11.Bc2 f5 12.Nb3 Bb6 13.Nfd4 Nxd4 14.Nxd4 Bxd4 
15.Qxd4 c5 16.Qd1 f4 17.f3 Ng5 18.a4 b4 19.cxb4 c4 20.b3 d4 21.bxc4 Bxc4 
22.Bb3 Qd5 23.Bxc4 Qxc4 24.Rb1 Kh8 25.Qb3 Qe2 26.h4 Nf7 27.Bxf4 1-0

[Event "38th Nordic Ch"]
[Site "Reykjavik ISL"]
[Date "1981.07.27"]
[Round "5"]
[White "Schussler, Harry"]
[Black "Hoei, Carsten"]
[Result "1/2-1/2"]
[WhiteElo "2495"]
[BlackElo "2415"]
[EventDate "1981.07.23"]
[PlyCount "36"]

1.d4 Nf6 2.Nf3 d6 3.c4 Bg4 4.e3 g6 5.Be2 Bg7 6.O-O O-O 7.Nc3 Nc6 8.d5 Bxf3
9.Bxf3 Ne5 10.Be2 c6 11.e4 Rc8 12.Qb3 Qa5 13.Bg5 Rc7 14.Rfd1 Rfc8 15.Bd2 
Qb6 16.Be3 Qa5 17.Bd2 Qb6 18.Be3 Qa5 1/2-1/2

[Event "38th Nordic Ch"]
[Site "Reykjavik ISL"]
[Date "1981.07.29"]
[Round "6"]
[White "Hoei, Carsten"]
[Black "Heim, Sverre"]
[Result "1/2-1/2"]
[WhiteElo "2415"]
[BlackElo "2430"]
[EventDate "1981.07.23"]
[PlyCount "69"]

1.d4 Nf6 2.c4 c5 3.d5 e5 4.Nc3 d6 5.e4 Be7 6.Bd3 Nbd7 7.Nge2 a6 8.a4 a5 9.
Bd2 h5 10.Qc2 Nf8 11.O-O-O Ng4 12.Rdf1 Bg5 13.Nb5 Bxd2+ 14.Qxd2 Ng6 15.g3 
Qe7 16.f4 Kd8 17.Nec3 Bd7 18.h3 Nf6 19.f5 Nf8 20.g4 Bxb5 21.Nxb5 hxg4 22.
hxg4 Rxh1 23.Rxh1 Ne8 24.Rh8 f6 25.Qh2 Qf7 26.Be2 Ke7 27.g5 fxg5 28.Bh5 
Qf6 29.Bxe8 Rxe8 30.Rg8 Nd7 31.Rxe8+ Kxe8 32.Nc7+ Ke7 33.Qh5 Qf7 34.Qxg5+ 
Qf6 35.Qg2 1/2-1/2

[Event "38th Nordic Ch"]
[Site "Reykjavik ISL"]
[Date "1981.07.29"]
[Round "?"]
[White "Olafsson, Helgi"]
[Black "Schussler, Harry"]
[Result "1/2-1/2"]
[WhiteElo "2425"]
[BlackElo "2495"]
[EventDate "1981.07.23"]
[PlyCount "31"]

1.Nf3 e6 2.c4 c5 3.g3 Nc6 4.Bg2 Nf6 5.O-O d5 6.cxd5 Nxd5 7.d4 Be7 8.dxc5 
Bxc5 9.a3 O-O 10.b4 Be7 11.Bb2 b5 12.Nbd2 a5 13.a4 Ba6 14.axb5 Bxb5 15.
bxa5 Rxa5 16.Nb3 1/2-1/2

[Event "38th Nordic Ch"]
[Site "Reykjavik ISL"]
[Date "1981.07.29"]
[Round "6"]
[White "Ornstein, Axel"]
[Black "Kristiansen, Jens"]
[Result "1/2-1/2"]
[WhiteElo "2480"]
[BlackElo "2430"]
[EventDate "1981.07.23"]
[PlyCount "80"]

1.d4 f5 2.Bg5 g6 3.Nd2 Bg7 4.e4 fxe4 5.Nxe4 d5 6.Ng3 Nh6 7.Nh5 gxh5 8.Bxh6
Bg4 9.Qd2 Bxh6 10.Qxh6 Qd6 11.Qxd6 cxd6 12.h4 Nc6 13.c3 O-O 14.Ne2 e5 15.
dxe5 dxe5 16.f3 Bf5 17.Rd1 Rad8 18.Ng3 Bc2 19.Rd2 Bb1 20.a3 Bg6 21.c4 d4 
22.Bd3 Na5 23.c5 Bxd3 24.Rxd3 Nc4 25.b4 Ne3 26.Kf2 Rd7 27.Rg1 Kh8 28.b5 
Rc7 29.Ne4 Nd5 30.Rb3 Nf6 31.Nxf6 Rxf6 32.Rc1 e4 33.Rc4 Rf5 34.Rxd4 exf3 
35.Rxf3 Rfxc5 36.Rg3 Rf7+ 37.Kg1 Rcf5 38.a4 Rf4 39.Rd8+ Rf8 40.Rd7 R8f7 
1/2-1/2

[Event "38th Nordic Ch"]
[Site "Reykjavik ISL"]
[Date "1981.07.29"]
[Round "6"]
[White "Sigurjonsson, Gudmundur"]
[Black "Raaste, Eero"]
[Result "0-1"]
[WhiteElo "2440"]
[BlackElo "2390"]
[EventDate "1981.07.23"]
[PlyCount "82"]

1.Nf3 Nf6 2.g3 e6 3.Bg2 d5 4.O-O Be7 5.d4 O-O 6.c4 c5 7.cxd5 exd5 8.Nc3 
Nc6 9.Be3 c4 10.Ne5 Re8 11.Qa4 a6 12.Rad1 Bf5 13.Rd2 Na5 14.Qd1 b5 15.g4 
Bxg4 16.Nxg4 Nxg4 17.Nxd5 Nxe3 18.fxe3 Bg5 19.Qe1 Ra7 20.Qg3 Rd7 21.Rf5 h6
22.Rd1 g6 23.Re5 Rxe5 24.Qxe5 Nc6 25.Qe4 Rxd5 26.Qxd5 Bxe3+ 27.Kh1 Qxd5 
28.Bxd5 Nxd4 29.Rf1 Nf5 30.Be4 Nd6 31.Bc2 Kg7 32.Kg2 Bd4 33.Rd1 Be5 34.Rd5
Kf6 35.b3 c3 36.a3 Nf5 37.Bxf5 Kxf5 38.Kf3 Ke6 39.Rc5 Kd6 40.Rc8 Kd7 41.
Rc5 Bd4 0-1

[Event "38th Nordic Ch"]
[Site "Reykjavik ISL"]
[Date "1981.07.30"]
[Round "7"]
[White "Kristiansen, Jens"]
[Black "Petursson, Margeir"]
[Result "0-1"]
[WhiteElo "2430"]
[BlackElo "2460"]
[EventDate "1981.07.23"]
[PlyCount "76"]

1.e4 c5 2.Nf3 d6 3.d4 cxd4 4.Nxd4 Nf6 5.Nc3 g6 6.Be2 Bg7 7.Bg5 Nc6 8.Nb3 
O-O 9.O-O a6 10.f4 b5 11.Bf3 b4 12.Nd5 Nxd5 13.exd5 Na5 14.Nd2 Qc7 15.Kh1 
Bf5 16.Ne4 Nc4 17.Qe2 Rac8 18.g4 Bxe4 19.Bxe4 Nxb2 20.Rab1 a5 21.Qf3 Qa7 
22.Rbe1 Rc3 23.Qe2 Nc4 24.Bd3 Qd4 25.Bxe7 Re8 26.Bxc4 Rxc4 27.Qg2 Rec8 28.
Re2 Qc5 29.f5 Rxc2 30.fxg6 hxg6 31.Rxc2 Qxc2 32.Qf3 f5 33.gxf5 Qxf5 34.
Qxf5 gxf5 35.Bxd6 Rd8 36.Bc7 Rxd5 37.Kg2 Rd2+ 38.Rf2 Rxf2+ 0-1

[Event "38th Nordic Ch"]
[Site "Reykjavik ISL"]
[Date "1981.07.30"]
[Round "7"]
[White "Heim, Sverre"]
[Black "Olafsson, Helgi"]
[Result "1-0"]
[WhiteElo "2430"]
[BlackElo "2425"]
[EventDate "1981.07.23"]
[PlyCount "81"]

1.Nf3 c5 2.g3 g6 3.Bg2 Bg7 4.O-O Nc6 5.c4 Nh6 6.Nc3 Nf5 7.d3 b6 8.e4 Nfd4 
9.Nxd4 cxd4 10.Ne2 e5 11.f4 d6 12.Bd2 h5 13.f5 Bd7 14.Kh1 Bf6 15.fxg6 fxg6
16.Ng1 Bg4 17.Bf3 Be6 18.g4 Qe7 19.gxh5 gxh5 20.Bxh5+ Kd7 21.Bg4 Rh4 22.
Bxe6+ Qxe6 23.Rf2 Rah8 24.Qf3 Ne7 25.Raf1 Ng6 26.Rg2 Nf4 27.Bxf4 exf4 28.
Qd1 Ke7 29.Qa4 Qd7 30.Qxd7+ Kxd7 31.Nf3 Rh3 32.Rg6 Ke7 33.Kg2 Be5 34.b4 
R3h5 35.a4 a6 36.Rb1 Bf6 37.Rg4 Be5 38.a5 bxa5 39.bxa5 Bf6 40.Rb7+ Ke6 41.
Rg6 1-0

[Event "38th Nordic Ch"]
[Site "Reykjavik ISL"]
[Date "1981.07.30"]
[Round "7"]
[White "Helmers, Knut"]
[Black "Hoei, Carsten"]
[Result "1/2-1/2"]
[WhiteElo "2420"]
[BlackElo "2415"]
[EventDate "1981.07.23"]
[PlyCount "34"]

1.Nf3 Nf6 2.c4 e6 3.g3 d5 4.Bg2 Be7 5.O-O O-O 6.d4 c6 7.Nbd2 Nbd7 8.b3 b5 
9.Ne5 Nxe5 10.dxe5 Nd7 11.cxd5 cxd5 12.Bb2 Bb7 13.Rc1 Qa5 14.e4 Bb4 15.Rc2
Nb6 16.exd5 Nxd5 17.Ne4 Rfc8 1/2-1/2

[Event "38th Nordic Ch"]
[Site "Reykjavik ISL"]
[Date "1981.07.30"]
[Round "7"]
[White "Rantanen, Yrjo"]
[Black "Sigurjonsson, Gudmundur"]
[Result "1/2-1/2"]
[WhiteElo "2465"]
[BlackElo "2440"]
[EventDate "1981.07.23"]
[PlyCount "68"]

1.e4 c6 2.d4 d5 3.exd5 cxd5 4.c4 Nf6 5.Nc3 e6 6.Nf3 Bb4 7.cxd5 Nxd5 8.Bd2 
Nc6 9.Bd3 Be7 10.Rc1 Ndb4 11.Be2 O-O 12.a3 Nd5 13.O-O Bf6 14.Nxd5 exd5 15.
Bc3 Re8 16.h3 Bf5 17.Bb5 Qb6 18.Ba4 Rad8 19.Qd2 Qa6 20.Bxc6 bxc6 21.Rfe1 
Be4 22.Nh2 h6 23.Rcd1 Re6 24.f3 Bf5 25.Rxe6 Bxe6 26.Ng4 Bh4 27.Ne5 Re8 28.
Nd3 Bf5 29.Qf4 Qa4 30.Ra1 Bxd3 31.Qxh4 c5 32.Re1 Rxe1+ 33.Bxe1 cxd4 34.Bf2
Bf5 1/2-1/2

[Event "38th Nordic Ch"]
[Site "Reykjavik ISL"]
[Date "1981.07.30"]
[Round "7"]
[White "Schussler, Harry"]
[Black "Ornstein, Axel"]
[Result "1-0"]
[WhiteElo "2495"]
[BlackElo "2480"]
[EventDate "1981.07.23"]
[PlyCount "80"]

1.d4 Nf6 2.c4 e6 3.Nf3 b6 4.a3 Bb7 5.Nc3 d5 6.cxd5 Nxd5 7.Qc2 c5 8.e4 Nxc3
9.bxc3 Nc6 10.Bb2 Bd6 11.d5 exd5 12.exd5 Qe7+ 13.Be2 Ne5 14.Bb5+ Kf8 15.
O-O-O a6 16.Be2 c4 17.Kb1 b5 18.h4 Ng4 19.Ng5 Nf6 20.Bf3 Re8 21.Qd2 Bc8 
22.Rhe1 Bf5+ 23.Ka2 Qd7 24.Ne6+ Kg8 25.g4 Bd3 26.g5 Nxd5 27.Bxd5 fxe6 28.
Qe3 Bf5 29.Be4 Kf7 30.Qf3 g6 31.Bxf5 gxf5 32.Qh5+ Kg7 33.Qh6+ Kg8 34.g6 
Qg7 35.gxh7+ Rxh7 36.Qxg7+ Kxg7 37.Rxd6 Kf6 38.Rxa6 Rxh4 39.Rb6 Rh2 40.Re2
f4 1-0

[Event "38th Nordic Ch"]
[Site "Reykjavik ISL"]
[Date "1981.07.31"]
[Round "8"]
[White "Petursson, Margeir"]
[Black "Schussler, Harry"]
[Result "1/2-1/2"]
[WhiteElo "2460"]
[BlackElo "2495"]
[EventDate "1981.07.23"]
[PlyCount "80"]

1.c4 Nf6 2.d4 e6 3.g3 d5 4.Bg2 Be7 5.Nf3 O-O 6.Nbd2 dxc4 7.Nxc4 c5 8.O-O 
Nc6 9.dxc5 Bxc5 10.Qxd8 Rxd8 11.Bf4 Nd5 12.Rfd1 b6 13.Rac1 Ba6 14.Rd2 Rac8
15.a3 Nxf4 16.gxf4 Nd4 17.e3 Bxc4 18.Nxd4 Bxd4 19.Rxd4 Rxd4 20.exd4 Ba6 
21.Rxc8+ Bxc8 22.Kf1 Ba6+ 23.Ke1 Kf8 24.Kd2 Ke7 25.Be4 h6 26.f5 exf5 27.
Bxf5 Kd6 28.Ke3 Bb7 29.h4 Bd5 30.Bd3 g5 31.hxg5 hxg5 32.Bf5 f6 33.Kd3 Be6 
34.Ke4 Ba2 35.Ke3 Bd5 36.Kd3 Bf7 37.Ke3 Ba2 38.Kf3 Bb3 39.Ke3 Ke7 40.Kd3 
Kd6 1/2-1/2

[Event "38th Nordic Ch"]
[Site "Reykjavik ISL"]
[Date "1981.07.31"]
[Round "8"]
[White "Olafsson, Helgi"]
[Black "Helmers, Knut"]
[Result "1/2-1/2"]
[WhiteElo "2425"]
[BlackElo "2420"]
[EventDate "1981.07.23"]
[PlyCount "112"]

1.e4 e6 2.d4 d5 3.Nd2 c5 4.exd5 exd5 5.Bb5+ Nc6 6.Qe2+ Be7 7.dxc5 Nf6 8.
Nb3 O-O 9.Be3 Re8 10.O-O-O a6 11.Ba4 Bd7 12.Nf3 Qc7 13.Qd2 Nb8 14.Bxd7 
Nbxd7 15.Nfd4 Nxc5 16.Nf5 Nxb3+ 17.axb3 Rac8 18.Nxe7+ Rxe7 19.Kb1 Qc6 20.
h3 h6 21.g4 Ne4 22.Qd3 Qg6 23.Rhe1 Nf6 24.Qxg6 fxg6 25.Rd4 Re4 26.Rxe4 
Nxe4 27.Rd1 Nf6 28.c3 Kf7 29.Kc2 g5 30.Rd4 Ke6 31.Rb4 b5 32.Rd4 Ne4 33.Rd1
Nf6 34.Ra1 Rc6 35.Kd3 Nd7 36.Bd4 Kf7 37.b4 Nf8 38.Be3 Ne6 39.b3 Ke7 40.Rh1
Rc8 41.h4 Kf6 42.Rh3 Ke5 43.hxg5 hxg5 44.Rf3 Nf4+ 45.Bxf4+ gxf4 46.Rh3 g6 
47.Rh7 Kf6 48.Rd7 Kg5 49.Rd6 Kxg4 50.Rxg6+ Kf3 51.Rf6 Re8 52.Kd4 Re2 53.
Kxd5 Rxf2 54.Rxa6 Rb2 55.Rb6 Ke3 56.Rxb5 Rxb3 1/2-1/2

[Event "38th Nordic Ch"]
[Site "Reykjavik ISL"]
[Date "1981.07.31"]
[Round "8"]
[White "Ornstein, Axel"]
[Black "Heim, Sverre"]
[Result "1-0"]
[WhiteElo "2480"]
[BlackElo "2430"]
[EventDate "1981.07.23"]
[PlyCount "55"]

1.d4 Nf6 2.c4 c5 3.d5 e5 4.Nc3 d6 5.e4 Be7 6.g3 a6 7.Bg2 O-O 8.Nge2 Ne8 9.
O-O g6 10.Bd2 Nd7 11.a4 Ng7 12.Nc1 f5 13.Nd3 Nf6 14.f4 exf4 15.Nxf4 fxe4 
16.Nxe4 Nxe4 17.Bxe4 Bf6 18.Qc2 Bd4+ 19.Kg2 Bf5 20.Rae1 Bxe4+ 21.Qxe4 Qd7 
22.Ne6 Rxf1 23.Rxf1 Re8 24.Bh6 Qxa4 25.g4 Nxe6 26.Qxe6+ Kh8 27.b3 Qa2+ 28.
Kh1 1-0